Cost model (Record no. 76559)
[ view plain ]
| 000 -LEADER | |
|---|---|
| fixed length control field | 00836cab a2200181 4500 |
| 001 - CONTROL NUMBER | |
| control field | ##L132691 |
| 008 - FIXED-LENGTH DATA ELEMENTS--GENERAL INFORMATION | |
| fixed length control field | 060228n2006 000 0 eng u |
| 035 ## - SYSTEM CONTROL NUMBER | |
| System control number | (Sirsi) u132691 |
| 041 0# - LANGUAGE CODE | |
| Language code of text/sound track or separate title | eng |
| 100 1# - MAIN ENTRY--PERSONAL NAME | |
| Personal name | Rawlinson, Simon |
| 245 00 - TITLE STATEMENT | |
| Title | Cost model |
| Remainder of title | swimming pools |
| 260 ## - PUBLICATION, DISTRIBUTION, ETC. | |
| Date of publication, distribution, etc. | 2006 |
| 490 #0 - SERIES STATEMENT | |
| Series statement | Building |
| Volume/sequential designation | 271(8419) 24 February 2006, 64-67(4) |
| 520 ## - SUMMARY, ETC. | |
| Summary, etc. | Examines key design and economic issues relating to the construction of competition swimming pools. Considers demand for pools, economic and costs drivers, including pool size and flexibility, design issues, and such building performance issues as condensation control, leakage, glare and pool hall safety, dimensional tolerance, operating costs, and the safety and security of users. |
| 590 ## - LOCAL NOTE (RLIN) | |
| Local note | IKA280206 |
| 690 ## - LOCAL SUBJECT ADDED ENTRY--TOPICAL TERM (OCLC, RLIN) | |
| Topical term or geographic name as entry element | BUILT ENVIRONMENT-BUILDING COSTS |
| 942 ## - ADDED ENTRY ELEMENTS (KOHA) | |
| Suppress in OPAC | 0 |
| Withdrawn status | Lost status | Source of classification or shelving scheme | Damaged status | Not for loan | Home library | Current library | Shelving location | Date acquired | Total Checkouts | Full call number | Barcode | Date last seen | Copy number | Price effective from | Koha item type |
|---|---|---|---|---|---|---|---|---|---|---|---|---|---|---|---|
| Dewey Decimal Classification | London | London | Journal article | 28/02/2006 | L132691 | 132691-1001 | 06/08/2019 | 1 | 06/08/2019 | Journal article |